Géopolitique de l'Iran - 2e éd. : Les défis d'une renaissance (notice n° 1566691)
[ vue normale ]
| 000 -LEADER | |
|---|---|
| fixed length control field | 01388cam a2200133 4500500 |
| 005 - DATE AND TIME OF LATEST TRANSACTION | |
| control field | 20251214002024.0 |
| 041 ## - LANGUAGE CODE | |
| Language code of text/sound track or separate title | fre |
| 042 ## - AUTHENTICATION CODE | |
| Authentication code | dc |
| 100 10 - MAIN ENTRY--PERSONAL NAME | |
| Personal name | Hourcade, Bernard |
| Relator term | author |
| 245 00 - TITLE STATEMENT | |
| Title | Géopolitique de l'Iran - 2e éd. : Les défis d'une renaissance |
| 260 ## - PUBLICATION, DISTRIBUTION, ETC. | |
| Name of publisher, distributor, etc. | Armand Colin,<br/> |
| Date of publication, distribution, etc. | 2016.<br/> |
| 520 ## - SUMMARY, ETC. | |
| Summary, etc. | Accord historique sur le programme nucléaire en 2015, levée des sanctions économiques internationales en 2016… l’Iran revient sur la scène internationale et affronte une nouvelle page de son histoire. Après des décennies d’enfermement, de drames et de résistance, la République islamique d’Iran, et surtout les Iraniens, doivent désormais relever des défis immenses : ceux d’une renaissance. Défi intérieur : comment répondre aux aspirations de changement de la population tout en maintenant la stabilité et l’indépendance de l’État ? Défi régional : comment faire face à l’émergence des monarchies pétrolières et des réseaux djihadistes, dans un climat de tension croissante avec l’Arabie saoudite ? Défi global : comment devenir un acteur respecté de la vie politique, économique, scientifique et culturelle mondiale ? Une analyse fine de la géopolitique iranienne, à contre-courant des idées reçues. |
| 856 41 - ELECTRONIC LOCATION AND ACCESS | |
| Uniform Resource Identifier | <a href="https://shs.cairn.info/geopolitique-de-l-iran--9782200613440?lang=fr&redirect-ssocas=7080">https://shs.cairn.info/geopolitique-de-l-iran--9782200613440?lang=fr&redirect-ssocas=7080</a> |
Pas d'exemplaire disponible.




Réseaux sociaux